Hồi sức và chăm sóc người bệnh sau phẩu thuật : Giáo trình giảng dạy đại học
Giáo trình "Hồi sức và chăm sóc người bệnh sau phẩu thuật" được biên soạn nhằm cung cấp kiến thức và kỹ năng chủ yếu về lĩnh vực hồi sức, và chăm sóc sức khỏe người bệnh sau khi thực hiện gây mê phẩu thuật....
Kaydedildi:
| Yazar: | |
|---|---|
| Diğer Yazarlar: | |
| Materyal Türü: | Kitap |
| Dil: | Vietnamese |
| Baskı/Yayın Bilgisi: |
H.
Y học
2024
|
| Konular: | |
| Etiketler: |
Etiketle
Etiket eklenmemiş, İlk siz ekleyin!
|
| Thư viện lưu trữ: | Thư viện Trường Đại học Nam Cần Thơ |
|---|
| LEADER | 02053nam a22002657a 4500 | ||
|---|---|---|---|
| 001 | NCT_4_012565 | ||
| 008 | 240913b xxu||||| |||| 00| 0 vie d | ||
| 999 | |c 8592 |d 8592 | ||
| 020 | |a 9786046665595 |c 208000 | ||
| 082 | 0 | 4 | |2 23rd ed. |a 617.028 |b Tr431 |
| 100 | 1 | |a Phan Hoàng Trọng |e Chủ biên | |
| 245 | 1 | 0 | |a Hồi sức và chăm sóc người bệnh sau phẩu thuật |b : Giáo trình giảng dạy đại học |c Phan Hoàng Trọng |
| 260 | |a H. |b Y học |c 2024 | ||
| 300 | |a 187 tr. |c 27cm | ||
| 500 | |a ĐTTS ghi: Trường Đại học Y khoa Phạm Ngọc Thạch - Khoa Điều dưỡng - Kỹ thuật y học - Bộ môn Gây mê hồi sức | ||
| 520 | 3 | |a Giáo trình "Hồi sức và chăm sóc người bệnh sau phẩu thuật" được biên soạn nhằm cung cấp kiến thức và kỹ năng chủ yếu về lĩnh vực hồi sức, và chăm sóc sức khỏe người bệnh sau khi thực hiện gây mê phẩu thuật. | |
| 653 | |a Điều dưỡng | ||
| 700 | |a Cao Văn Thịnh |e Đồng chủ biên | ||
| 942 | |2 ddc |c BK | ||
| 952 | |0 0 |1 0 |2 ddc |4 0 |6 617_028000000000000_TR431 |7 0 |9 29398 |a 000001 |b 000001 |d 2024-09-13 |o 617.028 Tr431 |p MD.22779 |r 2024-09-13 |v 208000.00 |w 2024-09-13 |y BK | ||
| 952 | |0 0 |1 0 |2 ddc |4 0 |6 617_028000000000000_TR431 |7 0 |9 29399 |a 000001 |b 000001 |d 2024-09-13 |o 617.028 Tr431 |p MD.22780 |r 2024-09-13 |v 208000.00 |w 2024-09-13 |y BK | ||
| 952 | |0 0 |1 0 |2 ddc |4 0 |6 617_028000000000000_TR431 |7 0 |9 29400 |a 000001 |b 000001 |d 2024-09-13 |o 617.028 Tr431 |p MD.22781 |r 2024-09-13 |v 208000.00 |w 2024-09-13 |y BK | ||
| 952 | |0 0 |1 0 |2 ddc |4 0 |6 617_028000000000000_TR431 |7 0 |9 29401 |a 000001 |b 000001 |d 2024-09-13 |l 2 |m 1 |o 617.028 Tr431 |p MD.22782 |q 2025-11-06 |r 2025-10-16 |s 2025-10-16 |v 208000.00 |w 2024-09-13 |y BK | ||
| 952 | |0 0 |1 0 |2 ddc |4 0 |6 617_028000000000000_TR431 |7 0 |9 29402 |a 000001 |b 000001 |d 2024-09-13 |l 1 |o 617.028 Tr431 |p MD.22783 |r 2025-08-28 |s 2025-08-15 |v 208000.00 |w 2024-09-13 |y BK | ||
| 980 | |a Thư viện Trường Đại học Nam Cần Thơ | ||


